Films dont le titre commence par un D (1) - Statistiques

Statistiques générales
  • Ce quiz a été pris 9 fois
  • Le résultat moyen est 6 sur 30
Statistiques - réponses
Année Réalisateur Genre 1 acteur ou
1 actrice
Titre % Correct
1984 D. Lynch Science fiction Sean Young Dune
78%
1964 S. Kubrick Comédie Peter Sellers Docteur Folamour
67%
1965 D. Lean Drame Omar Sharif Docteur Jivago
67%
1961 B. Edwards Comédie Audrey Hepburn Diamants sur canapé
56%
1982 J. Yanne Comédie Coluche Deux heures moins le quart avant Jésus Christ
44%
1983 A. Wajda Historique Gérard Depardieu Danton
33%
1961 C. Gallone Comédie Fernandel Don Camillo Monseigneur
33%
1985 J. Glen Espionnage Roger Moore Dangereusement vôtre
22%
1972 J. Boorman Drame Burt Reynolds Délivrance
22%
1970 J. Giovanni Policier Lino Ventura Dernier domicile connu
22%
1977 D. Kurys Comédie Yves Rénier Diabolo menthe
22%
1977 R. Scott Aventures Harvey Keitel Duellistes
22%
1970 B. G. Hutton Aventures Clint Eastwood De l'or pour les braves
11%
1973 J. Giovanni Policier Jean Gabin Deux hommes dans la ville
11%
1981 J-J Benneix Comédie dramatique Richard Bohringer Diva
11%
1961 P. Germi Comédie Marcello Mastroianni Divorce à l'italienne
11%
1976 J-L Bertuccelli Comédie dramatique Annie Girardot Docteur Françoise Gailland
11%
1972 C. Chabrol Drame Jean-Paul Belmondo Docteur Popaul
11%
1963 N. Howard Aventures Johnny Hallyday D'où viens tu Johnny ?
11%
1975 Y. Boisset Drame Jean Carmet Dupont Lajoie
11%
1987 R. Planchon Comédie Stéphane Planchon Dandin
0%
1947 Y. Allégret Drame psychologique Simone Signoret Dédée d'Anvers
0%
1986 M. Golan Aventures Chuck Norris Delta Force
0%
1987 A. Arcady Policier Thierry Lhermitte Dernier été à Tanger
0%
1936 F. Borzage Comédie dramatique Marlène Dietrich Désir
0%
1939 L. Milestone Drame Burgess Meredith Des souris et des hommes
0%
1974 P. Collinson Policier Orson Welles Dix petits nègres
0%
1941 V. Fleming Fantastique Spencer Tracy Dr Jekyll et Mr Hyde
0%
1965 T. Demicheli Western Guy Madison Duel à Rio Bravo
0%
1968 J. Boorman Guerre Lee Marvin Duel dans le Pacifique
0%
Aucun quiz correspondant
Distribution des résultats
% des personnes avec chaque résultat
Percentile par nombre de réponses
Votre historique - résultats
Vous n’avez pas pris ce quiz